000
00334nam a2200145Ia 4500
008
230718s9999 xx 000 0 und d
041
_a
Eng.
082
_a
342.02
_b
PYL-S
100
_a
Pylee, M. V
245
0
_a
Select Constitutions of the
260
_a
Pakistan
_b
Lexis Nexis
_c
2016
300
_a
899
650
_a
Law
999
_c
31357
_d
31357